| 000 | 01419nam a22003737a 4500 | ||
|---|---|---|---|
| 003 | CHAP | ||
| 005 | 20220329143059.0 | ||
| 008 | 060210d2005 it rn 00110 spa d | ||
| 010 | _a91658 | ||
| 011 | _a92630 | ||
| 020 | _a9251053405 | ||
| 035 | _a103195 | ||
| 040 | _cCHAP | ||
| 082 | 0 | 4 |
_a639.2 _bF46 v.779 |
| 110 | 2 |
_aFAO. Comisión General de Pesca para el Mediterráneo _939486 |
|
| 245 | 1 | 0 |
_aReport of the meeting of the AD HOC GFCM/ICCAT working group on sustainable bluefin tuna farming / fattening practices in the Mediterranean (3o.) _c/by FAO. Comisión General de Pesca para el Mediterráneo |
| 260 |
_aRome : _bFAO, _c2005. |
||
| 300 | _a108 p. | ||
| 490 | 0 |
_aFAO. Informe de pesca _v; 779 |
|
| 590 |
_aBATCH-UPD _b10 _c20130110 _lUCH01 _h0622 |
||
| 590 |
_aBATCH-UPD _b10 _c20130410 _lUCH01 _h0305 |
||
| 590 |
_aBATCH-UPD _b10 _c20130914 _lUCH01 _h0427 |
||
| 590 |
_aCONVERSION _b10 _c20130109 _lUCH01 _h1351 |
||
| 650 | 1 | 4 |
_aAtún. _98265 |
| 650 | 1 | 4 |
_aPesca sostenible. _987440 |
| 650 | 1 | 4 |
_aPesca _xRegión Mediterránea. _987410 |
| 650 | 1 | 4 |
_aRecursos marinos _xConservación. _995152 |
| 710 | 2 |
_aFAO. Comisión Internacional para la Conservación de Atún del Atlántico. _939488 |
|
| 830 | 0 |
_aFAO. Informe de pesca _v; 779 _939587 |
|
| 901 | _aBK | ||
| 905 | _aAlejandra Carrasco M. | ||
| 942 | _cLIBRO | ||
| 949 |
_a639.2 F46 v.779 _bBC _cFAO _d33724000991501 _eFAO1 _gDonaciØn _h107099 _i103195 _sb |
||
| 999 |
_c91658 _d91658 |
||